Spontánna medzinárodná výmena daňových informácií

Možnosti, ktoré má správca dane na to, aby eliminoval prípadné daňové úniky niektorých subjektov, najmä pokiaľ získali príjmy na území iného štátu a tieto neboli priznané v štáte, v ktorom má neobmedzenú daňovú povinnosť. Medzinárodná výmena daňových informácií. Spontánna výmena daňových informácií....

Ausführliche Beschreibung

Gespeichert in:
Bibliographische Detailangaben
1. Verfasser: Schultzová, Anna
Format: Buchkapitel
Sprache:Slowakisch
Schlagworte:
Tags: Tag hinzufügen
Keine Tags, Fügen Sie das erste Tag hinzu!

MARC

LEADER 00000naa$a2200000$$$4500
001 0028427
005 20240502071430.8
041 0 |a slo 
044 |a SK 
245 1 0 |a Spontánna medzinárodná výmena daňových informácií  |c Anna Schultzová 
520 |a Možnosti, ktoré má správca dane na to, aby eliminoval prípadné daňové úniky niektorých subjektov, najmä pokiaľ získali príjmy na území iného štátu a tieto neboli priznané v štáte, v ktorom má neobmedzenú daňovú povinnosť. Medzinárodná výmena daňových informácií. Spontánna výmena daňových informácií. Súhrnný výkaz a výmena informácií v oblasti štatistiky zahraničného obchodu. 
610 2 0 |a dane 
610 2 0 |a zdanenie dvojité 
610 2 0 |a zdaňovanie 
610 2 0 |a výmena informácií 
610 2 0 |a únik daňový 
610 2 0 |a kontrola daňová 
610 2 0 |a obchod zahraničný 
610 2 0 |a tovar 
100 1 |a Schultzová, Anna